Orionid meteor stream

Bibliographic Details
Main Authors: Lindblad, B. A. (Author), Porubčan, Vladimír, 1940- (Author)
Format: Article
Language:Slovak
English
Subjects:

MARC

LEADER 00000nab a2200000 a 4500
001 vtls010715879
003 SK-MaSNL
005 20260304194459.0
008 250709s1999 xo |||||||||||||||||slo|
035 |a (urnnbn)urn:nbn:sk:snk:ar-a04loa 
035 |a (uuid)dd4c31d9-6fb5-41b9-a328-c0ee035e5133 
035 |a urn:nbn:sk:snk-ab3i0a 
040 |a SNKBUCL  |b slo  |c SNKBUCL  |e AACR2 
041 0 |a eng 
044 |a xo  |c SK 
100 1 |a Lindblad, B. A.  |4 aut  |9 1528911 
245 1 0 |a Orionid meteor stream  |c B. A. Lindblad, V. Porubčan 
651 7 |a Orionids (Meteor shower)  |2 SNKPHeng  |9 1528912 
700 1 |a Porubčan, Vladimír,  |d 1940-  |4 aut  |9 118178 
773 0 |t Contributions of the Astronomical Observatory Skalnaté Pleso  |g Roč. 29, č. 2 (1999), s. [77]-88 
850 |a Slovenská národná knižnica 
852 |a Slovenská národná knižnica 
958 |a article1 
958 |a OND 
958 |a EUIPO 
999 |c 3074449  |d 3076379